TwoSet Violin's Compositions and Songs - Statistics

General Stats
  • This quiz has been taken 3 times
  • The average score is 14 of 24
Answer Stats
B2TSM Debut Song % Correct
Cabbage
100%
Duh-Duh-Duh-Dum
100%
Prelude
100%
Scherzo
100%
The Thought of Us
100%
Adagio
67%
C.B.F
67%
Love Like That
67%
My Testament
67%
Rhapsody
67%
Sell Out
67%
The BAE Song
67%
The DAB Song
67%
DEAF
33%
Forever Symphony
33%
I'm Bach
33%
Liberation of The Soul
33%
Meet Me at The CAFE
33%
Paganini Jingle Bells
33%
Papa Wolfgang Style
33%
Rudolph The Red-Nosed Reindeer
33%
Silent Night
33%
Trepak (The Nutcracker)
33%
BBT
0%
No matching quizzes found
Score Distribution
Percent of People with Each Score
Percentile by Number Answered
Your Score History
You have not taken this quiz